| 000 | 00000nas 2200000za 4500 |
| 001 | 9.505822 |
| 003 | CaOODSP |
| 005 | 20221107133533 |
| 007 | cr ||||||||||| |
| 008 | 150406d20002015oncar pso||||f0 a0eng|d |
| 022 | |a1495-737X |
| 040 | |aCaOODSP|beng |
| 043 | |an-cn--- |
| 086 | 1 |aF1-27E-PDF |
| 110 | 1 |aCanada. |bDepartment of Finance. |
| 210 | 0 |aTax expend. eval. |b(Online) |
| 222 | 0|aTax expenditures and evaluations |b(Online) |
| 240 | 10|aTax expenditures and evaluations (Online) |
| 245 | 00|aTax expenditures and evaluations |h[electronic resource]. |
| 260 | |a[Ottawa] : |bFinance Canada, |c2000-2015. |
| 310 | |aAnnual |
| 362 | 1 |a2000 - 2014 |
| 500 | |aIssued also in French under title: Dépenses fiscales et évaluations. |
| 520 | 3 |aProvides estimates and projections for broadly defined tax expenditures as well as evaluations and descriptive papers addressing specific tax measures. |
| 690 | 07|aCorporate income tax|2gcpds |
| 690 | 07|aExpenditures|2gcpds |
| 690 | 07|aGoods and services tax|2gcpds |
| 690 | 07|aPersonal income tax|2gcpds |
| 775 | 08|tDépenses fiscales et évaluations.|w(CaOODSP)9.502227 |
| 776 | 0#|tTax expenditures and evaluations |w(CaOODSP)9.515638 |
| 780 | 00|tGovernment of Canada tax expenditures |w(CaOODSP)9.507047 |
| 785 | 00|tReport on federal tax expenditures |w(CaOODSP)9.815488 |